ბათუმის შოთა რუსთაველის სახელმწიფო უნივერსიტეტის ბიბლიოთეკა

Защита прав инвесторов : (ბიბ.ჩანაწერი № 36022)

000 -LEADER
fixed length control field 00836nam a2200229Ia 4500
001 - CONTROL NUMBER
control field 1921
003 - CONTROL NUMBER IDENTIFIER
control field GE_BSU
005 - DATE AND TIME OF LATEST TRANSACTION
control field 20221010135637.0
008 - FIXED-LENGTH DATA ELEMENTS--GENERAL INFORMATION
fixed length control field 181216s2006ru xx |||||||||||||| ||rus||
020 ## - INTERNATIONAL STANDARD BOOK NUMBER
International Standard Book Number 5964500609
040 ## - CATALOGING SOURCE
Transcribing agency GE_BSU
041 ## - LANGUAGE CODE
Language code of text/sound track or separate title rus
080 ## - UNIVERSAL DECIMAL CLASSIFICATION NUMBER
Universal Decimal Classification number 347.73(075.8) З-40
245 ## - TITLE STATEMENT
Title Защита прав инвесторов :
Remainder of title Учебно- практический курс /
Statement of responsibility, etc. [Под. ред. В.В. Яркова]
264 ## - PRODUCTION, PUBLICATION, DISTRIBUTION, MANUFACTURE, AND COPYRIGHT NOTICE
Place of production, publication, distribution, manufacture СПБ :
Name of producer, publisher, distributor, manufacturer Дом.СПБ гос. ун-та,
Date of production, publication, distribution, manufacture, or copyright notice 2006.
300 ## - PHYSICAL DESCRIPTION
Extent 552 с. :
Other physical details 21 см.
653 ## - INDEX TERM--UNCONTROLLED
keyword Защита прав инвесторов.
653 ## - INDEX TERM--UNCONTROLLED
keyword ინვესტორების უფლებების დაცვა
653 ## - INDEX TERM--UNCONTROLLED
keyword სამართალი
700 ## - ADDED ENTRY--PERSONAL NAME
Personal name Яркова, В.В.
Relator term რედაქტორი
9 (RLIN) 15191
942 ## - ADDED ENTRY ELEMENTS (KOHA)
Koha item type წიგნი
Source of classification or shelving scheme
ეგზემპლარები
Withdrawn status Lost status Source of classification or shelving scheme Damaged status Not for loan Permanent Location Current Location Shelving location Date acquired Cost, normal purchase price Full call number Barcode Date last seen Copy number Price effective from Koha item type Public note
          ბათუმის შოთა რუსთაველის სახელმწიფო უნივერსიტეტის მთავარი ბიბლიოთეკა ბათუმის შოთა რუსთაველის სახელმწიფო უნივერსიტეტის მთავარი ბიბლიოთეკა წიგნსაცავი 2018-12-17 20.00 347.73(075.8) З-40 3915 2018-12-17 3915 2018-12-17 წიგნი 20.00